000 01012nam a2200277Ia 4500
003 OSt
005 20221005105526.0
006 a|||||r|||| 00| 0
007 ta
008 221004b |||||||| |||| 00| 0 hin d
020 _a9788126729630 (hbk)
_cINR 350.00
024 _a34797
037 _bBR3079, 15/09/2017, Rajkamal Prakashan Pvt. Ltd.
_cTextual
040 _aCRL
_cCRL
_bhin
041 _2hin
_ahin
082 _aO152,3NSH7x, Q6
100 _aशिवमूर्ति, ले.
245 0 _aकुच्ची का कानून
246 _aKuchchī kā kānūna
260 _aनई दिल्ली
_bराजकमल प्रकाशन भारत
_c2016
300 _a151पृ0
_ccm.
650 _a हिन्दी साहित्य
650 _aहिन्दी कहानी
942 _hO152,3NSH7x, Q6
_cTEXL
_2cc
999 _c1016080
_d1016080